| 000 | 00937nam a2200289 i 4500 | ||
|---|---|---|---|
| 999 |
_c5702 _d5702 |
||
| 001 | 3650318 | ||
| 003 | OSt | ||
| 005 | 20200128134215.0 | ||
| 008 | 760410s1976 ii a b 001 0 eng | ||
| 010 | _a 75908530 | ||
| 020 | _c0706999053 | ||
| 040 |
_aDLC _cDLC _dDLC |
||
| 043 | _aa-ii--- | ||
| 050 | 0 | 0 |
_aHF5549.2.I4 _bD38 |
| 082 | 0 | 0 |
_a658.300954 _bDAV/P |
| 100 |
_a Davar, Rustom S _91257 |
||
| 245 | 1 | 0 |
_aPersonnel management and industrial relations / _cRustom S. Davar. |
| 250 | _a10th rev. ed. | ||
| 260 |
_aDelhi : _bVikas Pub. House, _cc1976. |
||
| 300 |
_axvii, 421 p. : _bill. ; _c22 cm. |
||
| 504 | _aIncludes bibliographical references and index. | ||
| 650 | 0 |
_aPersonnel management _zIndia. |
|
| 650 | 0 |
_aManpower policy _zIndia. |
|
| 650 | 0 |
_aIndustrial relations _zIndia. |
|
| 906 |
_a7 _bcbc _corignew _d4 _encip _f19 _gy-gencatlg |
||
| 942 |
_2ddc _cBK _h658.300954 _iDAV/P _k658.300954 _mDAV/P |
||